Contemporary Pragmatism.

محفوظ في:

التنسيق: دورية

اللغة: Undetermined

الموضوعات:

الوصول للمادة أونلاين: Login to view Source

الوسوم: إضافة وسم

لا توجد وسوم, كن أول من يضع وسما على هذه التسجيلة!

رقم الطلب:

LEADER 00520nms a2200193Ia 4500
003 OSt
005 20240402051531.0
008 240131s9999||||xx |||||||||||||||||und||
999 |c 56357  |d 56357 
022 |a 1572-3429 
022 |a 1875-8185 
245 0 0 |a Contemporary Pragmatism. 
336 |2 rdacontent  |a text  |b txt 
337 |2 rdamedia  |a unmediated  |b n 
338 |2 rdacarrier  |a volume  |b n 
500 |a BRILLBRILLJ 
650 4 |a Philosophy. 
856 |z COPR  |u https://brill.com/view/journals/copr/copr-overview.xml 
942 |2 lcc  |c EJL